000 00836nam2a22002411 4500
001 RU\NLR\INFOCOMM15\ROSSICA\1000008954
005 20250613185303.0
035 _a(NLR Aleph) 009884688
090 _a10489718
_c10489718
100 _a20030715d1910 |||y0rusy50 ca
101 0 _aepo
102 _aRU
105 _ay ||||000ay
200 1 _aLa instruita mimikisto
_eOriginala komedieto en unu akto
210 _d1910
_aБ. м.
461 0 _1001RU\NLR\INFOCOMM15\ROSSICA\1000008953
_12001#$aArtista biblioteko internacia$fV.N.Devjatnin$v№1, I
_1700#1$aDevjatnin$bV.N.$4070
_910489715
_aDevjatnin, V.N.
_cMoskvo
_d1910
_fV.N.Devjatnin
_tArtista biblioteko internacia
_v№1, I
801 1 _aRU
_bInfoComm
_c20030715
801 0 _aRU
_bNLR
_gPSBO
852 _aNLR
_j12.55.8.31
942 _cBOOK
980 _aNB
980 _aRossica